| 000 | 00641nam a22002177a 4500 | ||
|---|---|---|---|
| 008 | 161007b xxu||||| |||| 00| 0 eng d | ||
| 020 | _a9780321594532 | ||
| 020 | _a9780321594525 | ||
| 020 | _a0132139464 | ||
| 050 |
_aHB 171.5 _b.M642 2010 |
||
| 100 | _aMiller, Roger LeRoy | ||
| 245 |
_aEconomics today/ _cRoger LeRoy Miller. |
||
| 250 | _a15th ed. | ||
| 260 |
_aBoston : _bAddison-Wesley ; _c2010. |
||
| 300 |
_axxxiv, 890p. : _bill. ; |
||
| 500 | _aIncludes appendix and index. | ||
| 650 | _aEconomics. | ||
| 650 | _aMicroeconomics. | ||
| 650 | _aMacroeconomics. | ||
| 942 |
_2lcc _cBOOKS _hHB 171.5 .M642 2010 |
||
| 999 |
_c14694 _d14694 |
||